000
00168nam a22000857a 4500
082
_a
181.07 HAQ
100
_a
Haqq, Abdul
245
_a
Iqbal Ke Ibtidai Afkar
942
_c
BK
999
_c
20885
_d
20885